MALAY PENINSULA : (Record no. 200148)
[ view plain ]
| 000 -LEADER | |
|---|---|
| fixed length control field | 01403nam a2200277 4500 |
| 003 - CONTROL NUMBER IDENTIFIER | |
| control field | PPAK |
| 005 - DATE AND TIME OF LATEST TRANSACTION | |
| control field | 20250804163306.0 |
| 008 - FIXED-LENGTH DATA ELEMENTS--GENERAL INFORMATION | |
| fixed length control field | 250731s my abf f 000 0 eng d |
| 040 ## - CATALOGING SOURCE | |
| Original cataloging agency | PPAK |
| Language of cataloging | eng |
| Transcribing agency | PPAK |
| Description conventions | rda |
| 082 04 - DEWEY DECIMAL CLASSIFICATION NUMBER | |
| Edition number | 23 |
| Classification number | 959.51 |
| 090 00 - LOCALLY ASSIGNED LC-TYPE CALL NUMBER (OCLC); LOCAL CALL NUMBER (RLIN) | |
| Classification number (OCLC) (R) ; Classification number, CALL (RLIN) (NR) | 959.51 |
| Feature heading | MAL |
| Feature heading | KK |
| 245 00 - TITLE STATEMENT | |
| Title | MALAY PENINSULA : |
| Remainder of title | (STRAITS SETTLEMENTS & FEDERATED MALAY STATES) / |
| Statement of responsibility, etc. | Original Photos and Copyright by C.J. Kleingrothe |
| 246 34 - VARYING FORM OF TITLE | |
| Title proper/short title | Malaya peninsula |
| 264 #1 - PRODUCTION, PUBLICATION, DISTRIBUTION, MANUFACTURE, AND COPYRIGHT NOTICE | |
| Place of production, publication, distribution, manufacture | [Medan, Sumatera] : |
| Name of producer, publisher, distributor, manufacturer | [publisher not identified], |
| Date of production, publication, distribution, manufacture, or copyright notice | [date of publication not identified] |
| 300 ## - PHYSICAL DESCRIPTION | |
| Extent | 1 volume : |
| Other physical details | illustrations, plates, color maps ; |
| Dimensions | 33 x 36 cm |
| 336 ## - CONTENT TYPE | |
| Content type term | text |
| Source | rdacontent |
| 337 ## - MEDIA TYPE | |
| Media type term | unmediated |
| Source | rdamedia |
| 338 ## - CARRIER TYPE | |
| Carrier type term | volume |
| Source | rdacarrier |
| 500 ## - GENERAL NOTE | |
| General note | Printed title page, coloured map of the Federated Malay States and Straits Settlement, and 71 leaves containing 172 original photographs, photograph of a tiger pasted on the uppercover. |
| General note | 1 volume consists of plates |
| 505 ## - FORMATTED CONTENTS NOTE | |
| Title | Singapore : 43 photographs on 17 leaves -- |
| -- | Penang : 35 photographs on 16 leaves -- |
| -- | Federated Malay States : 89 photographs on 36 leaves -- |
| -- | Malacca : 4 photographs on 1 leafs -- |
| -- | Soengei :- Belawan : 1 photographs on 1 leaf. |
| 651 #0 - SUBJECT ADDED ENTRY--GEOGRAPHIC NAME | |
| Geographic name | Malay Peninsula |
| General subdivision | History |
| Form subdivision | Pictorial works |
| Geographic name | Singapore |
| General subdivision | History |
| Form subdivision | Pictorial works |
| 700 1# - ADDED ENTRY--PERSONAL NAME | |
| Personal name | Kleingrothe, C. J., |
| Relator term | photographer. |
| 942 ## - ADDED ENTRY ELEMENTS (KOHA) | |
| Source of classification or shelving scheme | Dewey Decimal Classification |
| Koha item type | Book |
No items available.